000 00648nam a2200217 a 4500
001 000335893
003 AM-YeHGA
005 20250617130915.0
008 040518s1960 ||| r 000 0 arm d
040 _aAM-YeHGA
041 0 _aarm
100 1 _aՍրապեան, Լեւոն
245 1 0 _aՔղի :
_b(Տեղեկագր. եւ ազգագր.) /
_cԼեւոն Սրապեան.
250 _a2-րդ տպ.
260 _aԱնթիլիաս :
_bԱ.հ.,
_c1960.
300 _a72 էջ
_b[1] թ.նկ., [1] թ. քարտ.
440 0 _aԱպրիլեան եղեռնի
_v1
650 1 0 _aՀայոց պատմություն
942 _2udc
_cBK
090 _c127922
999 _c126560
_d126560